[Event "II Festival A"]
[Site "Bisaccia ITA"]
[Date "2010.05.30"]
[Round "2"]
[White "Grasso, Nino"]
[Black "Consalvo, Gerardo"]
[Result "1-0"]
[WhiteElo "1942"]
[BlackElo "2013"]
[PlyCount "70"]
[EventDate "2010.05.29"]

1. e4 c5 2. d4 cxd4 3. c3 d5 4. exd5 Qxd5 5. cxd4 Nc6 6. Nf3 Bg4 7. Nc3 Qa5 8.
d5 O-O-O 9. Qb3 Bxf3 10. gxf3 Ne5 11. Bh3+ e6 12. dxe6 Nd3+ 13. Kf1 fxe6 14.
Bxe6+ Kb8 15. Bxg8 Bc5 16. Bd5 Rxd5 17. Qxd5 Rd8 18. Qg5 h6 19. Qg3+ Bd6 20. f4
Qa6 21. Kg2 g5 22. Rd1 Bc7 23. Ne2 Qc4 24. b3 Qc2 25. Rd2 Ne1+ 26. Kf1 Rxd2 27.
Bxd2 Qxd2 28. Rxe1 Qd5 29. Qe3 a6 30. fxg5 Qh1+ 31. Ng1 Bxh2 32. f4 Bxg1 33.
Qxg1 Qf3+ 34. Qf2 Qh1+ 35. Ke2 hxg5 1-0

[Event "II Festival A"]
[Site "Bisaccia ITA"]
[Date "2010.05.30"]
[Round "2"]
[White "Gromovs, Sergejs"]
[Black "Minikh, Edouard"]
[Result "1-0"]
[WhiteElo "2319"]
[BlackElo "2041"]
[PlyCount "73"]
[EventDate "2010.05.29"]

1. d4 d5 2. c4 c6 3. Nc3 Nf6 4. Nf3 Bf5 5. cxd5 cxd5 6. Qb3 Bc8 7. Bf4 a6 8.
Ne5 e6 9. e3 Be7 10. Bd3 Nh5 11. O-O Nxf4 12. exf4 Nc6 13. Nxc6 bxc6 14. Na4
O-O 15. Rac1 Bd6 16. g3 Bd7 17. Nc5 Bc8 18. Qa4 Rb8 19. b4 Rb6 20. a3 g5 21.
fxg5 e5 22. dxe5 Bxe5 23. f4 Bd4+ 24. Kg2 f6 25. h4 Bg4 26. Qc2 Qc8 27. Bxh7+
Kh8 28. Kh2 fxg5 29. fxg5 Rb8 30. Bd3 a5 31. Nb3 Be3 32. Qc3+ Kg8 33. Rxf8+
Qxf8 34. Rf1 Qe7 35. Rf6 Bh5 36. Nxa5 Rf8 37. Nxc6 1-0

[Event "II Festival A"]
[Site "Bisaccia ITA"]
[Date "2010.05.30"]
[Round "2"]
[White "Laketic, Gojko"]
[Black "Fiore, Mario"]
[Result "1-0"]
[WhiteElo "2453"]
[BlackElo "2223"]
[PlyCount "30"]
[EventDate "2010.05.29"]

1. d4 d5 2. c4 Nc6 3. e3 e5 4. cxd5 Qxd5 5. Nc3 Bb4 6. Bd2 Bxc3 7. bxc3 Nf6 8.
Qb3 Qd6 9. Bd3 O-O 10. Ne2 Re8 11. O-O e4 12. Bb5 a6 13. Bxc6 Qxc6 14. a4 b5
15. Rfc1 Be6 1-0

[Event "II Festival A"]
[Site "Bisaccia ITA"]
[Date "2010.05.30"]
[Round "2"]
[White "Lazic, Miroljub"]
[Black "Vuelban, Virgilio"]
[Result "1-0"]
[WhiteElo "2494"]
[BlackElo "2369"]
[PlyCount "81"]
[EventDate "2010.05.29"]

1. g3 c5 2. c4 Nc6 3. Nc3 g6 4. Bg2 Bg7 5. e3 Nh6 6. Nge2 Nf5 7. O-O O-O 8. a3
d6 9. Rb1 Bd7 10. b4 Rb8 11. b5 Ne5 12. d3 Bc8 13. Bb2 b6 14. e4 Nh6 15. f4
Neg4 16. Qd2 f5 17. h3 Nf6 18. Nd5 Bb7 19. Nxf6+ Bxf6 20. Bxf6 Rxf6 21. Nc3 Qd7
22. Nd5 Rf7 23. e5 Rg7 24. e6 Qd8 25. Nc3 Bxg2 26. Qxg2 g5 27. Nd5 Qe8 28. fxg5
Rxg5 29. Kh2 Qf8 30. Qb2 Re8 31. a4 Rh5 32. Nf4 Rg5 33. a5 Rb8 34. axb6 axb6
35. Ra1 Qg7 36. Qxg7+ Kxg7 37. Ra7 Kf6 38. Nd5+ Ke5 39. Nxe7 Kxe6 40. Re1+ Kf6
41. Nd5+ 1-0

[Event "II Festival A"]
[Site "Bisaccia ITA"]
[Date "2010.05.30"]
[Round "2"]
[White "Lombardo, Michele"]
[Black "Lattanzio, Savino"]
[Result "0-1"]
[WhiteElo "2028"]
[BlackElo "2025"]
[PlyCount "72"]
[EventDate "2010.05.29"]

1. e4 c5 2. Nc3 Nc6 3. g3 g6 4. Bg2 Bg7 5. d3 d6 6. Be3 e6 7. Qd2 Rb8 8. Nge2
Nd4 9. g4 b5 10. Ng3 b4 11. Nd1 h5 12. gxh5 gxh5 13. c3 Nc6 14. Bf3 Nf6 15. Bg5
bxc3 16. bxc3 Ne5 17. Be2 Qa5 18. f4 Ned7 19. f5 h4 20. fxe6 fxe6 21. Bxf6 Nxf6
22. Qg5 O-O 23. Qxh4 Nh7 24. Rc1 Qd8 25. Qg4 Qg5 26. Qxg5 Nxg5 27. Nh5 Bh6 28.
Rg1 Kh8 29. Rc2 Bd7 30. Rf1 Rxf1+ 31. Kxf1 e5 32. Kg2 Nh3 33. Rb2 Rg8+ 34. Ng3
Nf4+ 35. Kf2 Rf8 36. Ke1 Ng2# 0-1

[Event "II Festival A"]
[Site "Bisaccia ITA"]
[Date "2010.05.30"]
[Round "2"]
[White "Martorelli, Antonio"]
[Black "Kosic, Dragan"]
[Result "0-1"]
[WhiteElo "2259"]
[BlackElo "2501"]
[PlyCount "48"]
[EventDate "2010.05.29"]

1. e4 e6 2. d4 d5 3. e5 Bd7 4. Nf3 c5 5. c3 Nc6 6. a3 Nge7 7. Bd3 cxd4 8. cxd4
Nf5 9. Be3 Nxe3 10. fxe3 Be7 11. Nc3 Rc8 12. O-O O-O 13. Qc2 g6 14. Kh1 Kg7 15.
g4 f6 16. Qg2 Qb6 17. exf6+ Rxf6 18. g5 Rf7 19. b4 Rcf8 20. b5 Nd8 21. Ne5
Rxf1+ 22. Rxf1 Rxf1+ 23. Qxf1 Be8 24. Qf4 Qa5 0-1

[Event "II Festival A"]
[Site "Bisaccia ITA"]
[Date "2010.05.30"]
[Round "2"]
[White "Naumkin, Igor"]
[Black "Passerotti, Pierluigi"]
[Result "1/2-1/2"]
[WhiteElo "2480"]
[BlackElo "2258"]
[PlyCount "87"]
[EventDate "2010.05.29"]

1. d4 d5 2. c4 e6 3. Nf3 Nf6 4. Bg5 Be7 5. e3 O-O 6. Nc3 h6 7. Bh4 Ne4 8. Bxe7
Qxe7 9. Rc1 Nc6 10. a3 Rd8 11. Qc2 Ng5 12. Nd2 Nh7 13. Bd3 Nf6 14. O-O dxc4 15.
Nxc4 Bd7 16. b4 Be8 17. b5 Nb8 18. Rfd1 c6 19. a4 cxb5 20. axb5 Nbd7 21. e4 Nb6
22. e5 Nfd5 23. Nd6 a5 24. Nxd5 Nxd5 25. Be4 Rxd6 26. exd6 Qxd6 27. Qc5 Qd7 28.
Bxd5 exd5 29. b6 a4 30. Rc3 Qb5 31. Qc7 Bc6 32. Rf3 Rf8 33. h3 Qb2 34. Rdd3 a3
35. Rxa3 Qxd4 36. Qe7 Qe4 37. Rxf7 Rxf7 38. Ra8+ Kh7 39. Qxf7 d4 40. f3 Qe1+
41. Kh2 Qe5+ 42. Kh1 Qe1+ 43. Kh2 Qe5+ 44. Kh1 1/2-1/2

[Event "II Festival A"]
[Site "Bisaccia ITA"]
[Date "2010.05.30"]
[Round "2"]
[White "Parrella, Alfredo"]
[Black "Kizov, Atanas"]
[Result "0-1"]
[WhiteElo "2046"]
[BlackElo "2394"]
[PlyCount "61"]
[EventDate "2010.05.29"]

1. e4 c5 2. c3 Nf6 3. e5 Nd5 4. Nf3 e6 5. Bc4 Nb6 6. Bb3 c4 7. Bc2 Nc6 8. d3
cxd3 9. Qxd3 Qc7 10. Qe4 d6 11. exd6 Bxd6 12. O-O Bd7 13. a4 Nd5 14. Na3 Nf6
15. Qh4 Ne5 16. Nxe5 Bxe5 17. h3 Nd5 18. Bg5 h6 19. Nc4 Bf4 20. Bxf4 Nxf4 21.
Ne3 g5 22. Qg4 O-O-O 23. Qd1 Bb5 24. axb5 Rxd1 25. Rfxd1 Kb8 26. Ra4 Rd8 27.
Rda1 b6 28. Bb3 Rd2 29. R4a2 Nd3 30. Nc2 Qf4 31. Rf1 0-1

[Event "II Festival A"]
[Site "Bisaccia ITA"]
[Date "2010.05.30"]
[Round "2"]
[White "Rossetti, Giovanni"]
[Black "Franciosi, Fausto"]
[Result "0-1"]
[WhiteElo "1903"]
[BlackElo "1967"]
[PlyCount "142"]
[EventDate "2010.05.29"]

1. Nf3 Nf6 2. g3 g6 3. Bg2 Bg7 4. O-O O-O 5. d3 d6 6. e4 e5 7. Nc3 Re8 8. Bg5
h6 9. Bxf6 Bxf6 10. Nd5 Bg7 11. h4 c6 12. Ne3 d5 13. Re1 Be6 14. Nf1 Nd7 15. c3
a5 16. a4 dxe4 17. dxe4 Nc5 18. Qxd8 Rexd8 19. b4 Nb3 20. Rab1 axb4 21. cxb4
Nd4 22. N1d2 Rd7 23. Bf1 Rad8 24. Nxd4 Rxd4 25. Nf3 R4d7 26. Be2 f6 27. Red1
Rxd1+ 28. Rxd1 Re8 29. a5 Bf8 30. Rb1 Kf7 31. Nd2 Rd8 32. Nf3 b6 33. b5 bxa5
34. bxc6 Bb4 35. Rc1 Rc8 36. Bb5 Bb3 37. Bc4+ Bxc4 38. Rxc4 Ke7 39. Rc1 Kd6 40.
g4 g5 41. Kg2 Rxc6 42. Rd1+ Kc5 43. h5 a4 44. Ng1 a3 45. Ne2 Kb5 46. Nc1 Rxc1
47. Rxc1 Ka4 48. Kf3 a2 49. Ke3 Bc3 50. Kd3 a1=Q 51. Rxa1+ Bxa1 52. Kc4 Bd4 53.
f3 Ka5 54. Kd5 Kb5 55. Ke6 Kc6 56. Kxf6 Kd6 57. Kg6 Ke6 58. Kxh6 Kf6 59. Kh7
Kf7 60. Kh6 Be3 61. Kh7 Bc5 62. Kh6 Be7 63. Kh7 Bf8 64. Kh8 Be7 65. Kh7 Bd8 66.
Kh6 Bf6 67. Kh7 Bg7 68. h6 Bf6 69. f4 gxf4 70. g5 Bxg5 71. Kh8 f3 0-1

[Event "II Festival A"]
[Site "Bisaccia ITA"]
[Date "2010.05.30"]
[Round "2"]
[White "Seletsky, Grigory"]
[Black "Quimi, Marco"]
[Result "1-0"]
[WhiteElo "2337"]
[BlackElo "2163"]
[PlyCount "59"]
[EventDate "2010.05.29"]

1. e4 e5 2. Nf3 d6 3. d4 Nf6 4. Nc3 Nbd7 5. Bc4 Be7 6. O-O O-O 7. a4 c6 8. Re1
Nxe4 9. Rxe4 d5 10. Bxd5 Nf6 11. Bb3 Nxe4 12. Nxe4 Bg4 13. Be3 exd4 14. Qxd4
Bxf3 15. Qxd8 Rfxd8 16. gxf3 b6 17. a5 c5 18. Ng5 Bxg5 19. Bxg5 Rf8 20. Bd5
Rac8 21. axb6 axb6 22. Ra7 h6 23. Be7 Rfe8 24. c4 Kh8 25. Bxf7 Ra8 26. Rd7 Reb8
27. Bd5 Ra1+ 28. Kg2 Rd1 29. Be6 Re8 30. f4 1-0

[Event "II Festival A"]
[Site "Bisaccia ITA"]
[Date "2010.05.30"]
[Round "2"]
[White "Sellitti, Luca"]
[Black "Rotelli, Pietro"]
[Result "1-0"]
[WhiteElo "1915"]
[BlackElo "1993"]
[PlyCount "63"]
[EventDate "2010.05.29"]

1. e4 c6 2. c4 d5 3. exd5 cxd5 4. cxd5 Nf6 5. Bb5+ Nbd7 6. Nf3 Nxd5 7. Nc3 Nc7
8. Ba4 g6 9. d4 Bg7 10. O-O O-O 11. Re1 a6 12. Bb3 Nf6 13. Qe2 e6 14. Bg5 h6
15. Bh4 g5 16. Bg3 Ncd5 17. h4 Nh5 18. hxg5 Nxg3 19. fxg3 Nxc3 20. bxc3 Qc7 21.
gxh6 Bxh6 22. Kf2 Bg7 23. Qd3 Bd7 24. Rh1 Rfc8 25. c4 Bc6 26. Rae1 Rd8 27. Rh4
Qb6 28. Ne5 Be8 29. c5 Qc7 30. Qh7+ Kf8 31. Rf4 Bxe5 32. Rxe5 1-0

[Event "II Festival A"]
[Site "Bisaccia ITA"]
[Date "2010.05.30"]
[Round "2"]
[White "Sirena, Gianni"]
[Black "Gentile, Leonardo"]
[Result "1-0"]
[WhiteElo "1974"]
[BlackElo "1816"]
[PlyCount "29"]
[EventDate "2010.05.29"]

1. e4 e5 2. f4 Nc6 3. Nf3 d6 4. Bc4 Bg4 5. c3 Bxf3 6. Qxf3 Qf6 7. f5 O-O-O 8.
d3 g6 9. O-O g5 10. b4 h5 11. a4 g4 12. Qe2 Bh6 13. Nd2 Bxd2 14. Bxd2 Nge7 15.
a5 1-0

[Event "II Festival A"]
[Site "Bisaccia ITA"]
[Date "2010.05.30"]
[Round "2"]
[White "Tratar, Marko"]
[Black "Bianco, Raffaele"]
[Result "1-0"]
[WhiteElo "2507"]
[BlackElo "2066"]
[PlyCount "97"]
[EventDate "2010.05.29"]

1. d4 Nf6 2. Nf3 g6 3. c4 Bg7 4. Nc3 O-O 5. e4 d6 6. h3 e5 7. d5 c6 8. Bg5 h6
9. Be3 cxd5 10. cxd5 Nbd7 11. g4 Nc5 12. Nd2 Kh7 13. b4 Na6 14. a3 Bd7 15. Rc1
Ne8 16. Bd3 Bf6 17. Nf3 Nac7 18. Qd2 Bg7 19. Rg1 Qe7 20. Qe2 Rh8 21. a4 Na6 22.
Bxa6 bxa6 23. Qxa6 f5 24. Nb5 fxe4 25. Nd2 Nf6 26. Nc7 Rac8 27. Qxa7 Bxa4 28.
Rc4 Qd7 29. Qa5 Ne8 30. Ne6 Bb5 31. Rxc8 Qxc8 32. Qxb5 Qc1+ 33. Ke2 Qxg1 34.
Nxe4 Qb1 35. Nd2 Qc2 36. Qc6 Qa2 37. b5 Nf6 38. Nxg7 Kxg7 39. Qc7+ Kg8 40. Qc8+
Kh7 41. Qc7+ Kg8 42. Qxd6 Qxd5 43. Qxf6 Qxb5+ 44. Kf3 Qe8 45. Kg3 h5 46. g5 Rh7
47. Nc4 h4+ 48. Kh2 Qe7 49. Nxe5 1-0

[Event "II Festival A"]
[Site "Bisaccia ITA"]
[Date "2010.05.30"]
[Round "2"]
[White "Varvaglione, Antonio"]
[Black "Vespe, Francesco"]
[Result "1/2-1/2"]
[WhiteElo "1905"]
[BlackElo "1979"]
[PlyCount "152"]
[EventDate "2010.05.29"]

1. e4 e6 2. d3 d5 3. Nd2 c5 4. Ngf3 Nc6 5. g3 Bd6 6. Bg2 Nge7 7. O-O O-O 8. Re1
Qc7 9. c3 f6 10. d4 cxd4 11. cxd4 Bb4 12. e5 fxe5 13. dxe5 Ng6 14. a3 Ba5 15.
Qe2 Rf5 16. b4 Bb6 17. Bb2 Ncxe5 18. Bxe5 Nxe5 19. Bh3 Nxf3+ 20. Nxf3 Rf6 21.
Rac1 Qf7 22. a4 a6 23. a5 Ba7 24. Kh1 Qe8 25. Rc7 Bd7 26. Ne5 Bb5 27. Qg4 Qf8
28. f4 Bb8 29. Rxb7 Bxe5 30. Rxe5 Rg6 31. Qd1 Qxb4 32. Bxe6+ Kh8 33. Bxd5 Rd6
34. Qf3 Rad8 35. Qe4 Qd2 36. Rxb5 Qd1+ 37. Kg2 Qd2+ 38. Kf3 Qd1+ 39. Kf2 Qd2+
40. Qe2 Qxe2+ 41. Rxe2 axb5 42. Bb7 b4 43. a6 Rb6 44. Re7 Kg8 45. a7 Kf8 46.
Rc7 b3 47. a8=Q Rxa8 48. Bxa8 b2 49. Be4 b1=Q 50. Bxb1 Rxb1 51. Kf3 Rb2 52. h4
Rb1 53. Kg4 Rg1 54. Kf3 Rf1+ 55. Kg2 Re1 56. g4 Re3 57. h5 Ra3 58. g5 Rb3 59.
h6 gxh6 60. gxh6 Rb6 61. Rxh7 Kg8 62. Rg7+ Kf8 63. Kf3 Rxh6 64. Rb7 Ra6 65. Ke4
Ra4+ 66. Ke5 Ra5+ 67. Ke6 Ra6+ 68. Kf5 Ra5+ 69. Kg6 Ra6+ 70. Kg5 Ra5+ 71. f5
Ra6 72. Rb8+ Kf7 73. Rb5 Rc6 74. f6 Rc1 75. Rb7+ Kf8 76. Kg6 Rg1+ 1/2-1/2

[Event "II Festival A"]
[Site "Bisaccia ITA"]
[Date "2010.05.30"]
[Round "3"]
[White "Bianco, Raffaele"]
[Black "Ciavarra, Luigi"]
[Result "1-0"]
[WhiteElo "2066"]
[BlackElo "1960"]
[PlyCount "142"]
[EventDate "2010.05.29"]

1. e4 c5 2. Nf3 d6 3. d4 cxd4 4. Nxd4 Nf6 5. Nc3 g6 6. Be3 Bg7 7. Bc4 Nc6 8. f3
Bd7 9. Qd2 a6 10. Bb3 Na5 11. g4 Qc7 12. g5 Nxb3 13. Nxb3 Nh5 14. Nd5 Qd8 15.
Bb6 Qc8 16. Nc7+ Kf8 17. Nxa8 Qxa8 18. O-O-O Bc6 19. Rhe1 Qc8 20. Nd4 h6 21.
Nxc6 Qxc6 22. Be3 hxg5 23. Bxg5 f6 24. Be3 g5 25. Kb1 Kf7 26. Qd3 Bf8 27. Qb3+
e6 28. Rd3 Be7 29. Rc3 Qd7 30. a3 Ng7 31. Re2 Bd8 32. Bb6 Bxb6 33. Qxb6 Ne8 34.
Rb3 Rh7 35. Qxb7 Kg6 36. Qxa6 Re7 37. Qd3 e5 38. Rg2 Qh3 39. Qe2 Nc7 40. f4 Qh4
41. fxg5 fxg5 42. Rg4 Qh6 43. h4 Ne6 44. Rbg3 Kf7 45. Qf1+ Ke8 46. Rxg5 Nxg5
47. Rxg5 Qxh4 48. Qf5 Qh7 49. Qc8+ Kf7 50. Rf5+ Kg6 51. Qf8 Qg7 52. Qxg7+ Kxg7
53. Kc1 Kg6 54. Rf3 Rc7 55. b3 Kg5 56. c4 Kg4 57. Rf6 Rc6 58. Kc2 Kg5 59. Rf1
Rc7 60. Kc3 Rh7 61. a4 Rh3+ 62. Kb4 Re3 63. Rd1 Rxe4 64. Rxd6 Rd4 65. Rxd4 exd4
66. a5 Kf4 67. a6 d3 68. Kc3 Ke3 69. a7 d2 70. a8=Q d1=Q 71. Qe8+ Kf4 1-0

[Event "II Festival A"]
[Site "Bisaccia ITA"]
[Date "2010.05.30"]
[Round "3"]
[White "Carnicelli, Valerio"]
[Black "Parrella, Alfredo"]
[Result "1/2-1/2"]
[WhiteElo "1821"]
[BlackElo "2046"]
[PlyCount "71"]
[EventDate "2010.05.29"]

1. e4 Nc6 2. d4 e5 3. dxe5 Nxe5 4. Nf3 Nxf3+ 5. Qxf3 Qf6 6. Qg3 Bb4+ 7. c3 Ba5
8. Bc4 d6 9. Be3 Qg6 10. Nd2 Nf6 11. O-O Qxg3 12. hxg3 Ng4 13. Bf4 Bb6 14. Be2
a6 15. Nc4 Ba7 16. Bxg4 Bxg4 17. Rfe1 O-O-O 18. Be3 Bxe3 19. Nxe3 Bd7 20. b3
Rhe8 21. Nd5 f6 22. Rad1 Be6 23. c4 Bf7 24. f3 Re5 25. Kf2 h6 26. Ne3 Bg6 27.
Rd5 Rde8 28. Red1 Bh7 29. Rxe5 Rxe5 30. Rd5 Re6 31. Rd1 Re5 32. Rd5 Re6 33. Rd1
Re5 34. Rd5 Re6 35. Rd1 Re5 36. Rd5 1/2-1/2

[Event "II Festival A"]
[Site "Bisaccia ITA"]
[Date "2010.05.30"]
[Round "3"]
[White "Consalvo, Gerardo"]
[Black "Rossetti, Giovanni"]
[Result "0-1"]
[WhiteElo "2013"]
[BlackElo "1903"]
[PlyCount "76"]
[EventDate "2010.05.29"]

1. e4 g6 2. d4 Bg7 3. Nc3 d6 4. Be2 c5 5. Nf3 cxd4 6. Nxd4 a6 7. Be3 Nf6 8. Qd2
h5 9. f3 Nc6 10. Nd5 Nxd5 11. exd5 Ne5 12. f4 Ng4 13. Bxg4 hxg4 14. Qd3 Qa5+
15. b4 Qxd5 16. Kf2 b5 17. a4 Bb7 18. Rag1 Rc8 19. axb5 axb5 20. Nxb5 Qxd3 21.
cxd3 Ba6 22. Na7 Rc2+ 23. Kg3 Bxd3 24. b5 f5 25. Rd1 Bf6 26. h4 Be4 27. Rd2 Rc3
28. Kf2 g3+ 29. Ke2 Bxg2 30. Rg1 Be4 31. Rxg3 Rxh4 32. Bf2 Rxg3 33. Bxg3 Rg4
34. Be1 Rxf4 35. b6 Rf3 36. Nc8 Rb3 37. Nxd6+ exd6 38. Rxd6 Ke7 0-1

[Event "II Festival A"]
[Site "Bisaccia ITA"]
[Date "2010.05.30"]
[Round "3"]
[White "Di Muccio, Lindoro"]
[Black "Lombardo, Michele"]
[Result "0-1"]
[WhiteElo "1934"]
[BlackElo "2028"]
[PlyCount "138"]
[EventDate "2010.05.29"]

1. d4 g6 2. c4 Bg7 3. Nc3 d6 4. e4 Nf6 5. Nf3 O-O 6. Be2 e5 7. d5 Nh5 8. Bg5 h6
9. Be3 Nf4 10. Bxf4 exf4 11. Qd2 f5 12. exf5 Bxf5 13. O-O Nd7 14. Bd3 Bxd3 15.
Qxd3 Nc5 16. Qd2 Qf6 17. Rfe1 g5 18. Rad1 Rfe8 19. Nb5 Rec8 20. b4 Nd7 21. Re6
Qd8 22. Nbd4 g4 23. Ne1 Qg5 24. g3 Rf8 25. Ng2 Bxd4 26. Qxd4 fxg3 27. hxg3 Ne5
28. Nh4 Rf7 29. c5 Raf8 30. cxd6 cxd6 31. Qe3 Qg7 32. Rf1 b6 33. a4 Nc4 34. Qe2
Rc7 35. Re8 Ne5 36. Rxf8+ Qxf8 37. f4 gxf3 38. Nxf3 Qg7 39. Kg2 Qg4 40. Rf2 Rc3
41. Qd1 Ng6 42. Kh2 Ne5 43. Kg2 Qe4 44. Qd4 Qd3 45. Qxd3 Nxd3 46. Re2 Nxb4 47.
Re6 Rd3 48. Rxd6 Rxd5 49. Re6 Ra5 50. Nd4 Rxa4 51. Nb5 Ra5 52. Nc7 Rc5 53. Re7
a5 54. Ne6 Rc8 55. Rg7+ Kh8 56. Rb7 Nd5 57. Kf3 Ra8 58. Ke4 Nf6+ 59. Ke5 Ng4+
60. Kf5 Ne3+ 61. Ke4 Nf1 62. g4 a4 63. Rxb6 a3 64. Nd4 a2 65. Nc2 Rc8 66. Na1
Rc1 67. Kf5 Ne3+ 68. Kg6 Rxa1 69. Ra6 Nxg4 0-1

[Event "II Festival A"]
[Site "Bisaccia ITA"]
[Date "2010.05.30"]
[Round "3"]
[White "Epishin, Vladimir V."]
[Black "Seletsky, Grigory"]
[Result "1/2-1/2"]
[WhiteElo "2611"]
[BlackElo "2337"]
[PlyCount "203"]
[EventDate "2010.05.29"]

1. d4 c5 2. d5 e5 3. c4 d6 4. Nc3 Be7 5. Nf3 Nf6 6. g3 O-O 7. Bg2 Ne8 8. O-O f5
9. Ne1 Nd7 10. Rb1 e4 11. f3 exf3 12. exf3 Ne5 13. b3 Bf6 14. Bd2 Nc7 15. f4
Nf7 16. Nc2 a5 17. Re1 Bd7 18. Bf1 Re8 19. Na4 Na6 20. Rxe8+ Bxe8 21. a3 Bd7
22. Qf3 Rb8 23. Nb2 b6 24. Nd1 g6 25. Nde3 h5 26. h3 Nh6 27. Ng2 Nc7 28. Bd3
Kg7 29. Qf2 Ra8 30. Qe1 Qf8 31. Nh4 Re8 32. Qf1 Qe7 33. Nf3 Nf7 34. Kg2 Qf8 35.
Rd1 Qe7 36. Ne3 Qd8 37. Re1 Rh8 38. Re2 Ne8 39. Qb1 Nc7 40. Qe1 Ne8 41. b4 axb4
42. axb4 Nc7 43. bxc5 bxc5 44. Ba5 Qc8 45. h4 Kh7 46. Ng5+ Nxg5 47. hxg5 Bg7
48. Nf1 Re8 49. Nh2 Kg8 50. Nf3 Na6 51. Rxe8+ Qxe8 52. Qb1 Nb4 53. Bxb4 cxb4
54. Qxb4 Qe3 55. Qd2 Qa7 56. Qe2 Qa3 57. Nh4 Kf7 58. Qe3 Qb2+ 59. Qf2 Qa1 60.
Nf3 Qa3 61. Be2 Qc3 62. Qa7 Ke8 63. Kf2 Ke7 64. Qe3+ Kd8 65. Qxc3 Bxc3 66. Ke3
Bb4 67. Bd1 Bc5+ 68. Ke2 Be8 69. Ne1 Kc7 70. Nd3 Bd4 71. Nc1 Bb6 72. Bc2 Kd8
73. Na2 Bd4 74. Nb4 Kc7 75. Nc6 Bc5 76. Ba4 Bf7 77. Na5 Kd8 78. Nc6+ Kc7 79.
Bb5 Bg8 80. Ba4 Bf7 81. Na5 Bb6 82. Nb3 Bg1 83. Nc1 Bc5 84. Kf3 Bd4 85. Nd3 Bb6
86. Kg2 Bd4 87. Kh3 Kd8 88. Kh4 Ke7 89. Nb4 Bc5 90. Nc6+ Kf8 91. Bb5 Bb6 92.
Kh3 Bc5 93. Kg2 Bb6 94. Kf3 Bc5 95. Ke2 Bb6 96. Ba6 Bc5 97. Bc8 Bb6 98. Bd7 Bc5
99. Kf3 Bb6 100. Kg2 Bc5 101. Kh3 Bb6 102. Be6 1/2-1/2

[Event "II Festival A"]
[Site "Bisaccia ITA"]
[Date "2010.05.30"]
[Round "3"]
[White "Fiore, Mario"]
[Black "Sirena, Gianni"]
[Result "1/2-1/2"]
[WhiteElo "2223"]
[BlackElo "1974"]
[PlyCount "51"]
[EventDate "2010.05.29"]

1. e4 d6 2. d4 Nf6 3. Nc3 g6 4. Bg5 c6 5. f4 Bg7 6. Nf3 Nbd7 7. Bd3 O-O 8. Qd2
b5 9. e5 b4 10. Ne2 dxe5 11. fxe5 Nd5 12. O-O N7b6 13. Bh6 a5 14. Bxg7 Kxg7 15.
Ng5 f6 16. exf6+ exf6 17. Ne4 Qe7 18. Nf4 Nxf4 19. Qxf4 Nd5 20. Qh4 Be6 21.
Rae1 Rae8 22. Nc5 Qd6 23. a3 Bc8 24. axb4 axb4 25. Be4 Nb6 26. Bd3 1/2-1/2

[Event "II Festival A"]
[Site "Bisaccia ITA"]
[Date "2010.05.30"]
[Round "3"]
[White "Gambardella, Piero"]
[Black "Martorelli, Antonio"]
[Result "1-0"]
[WhiteElo "1986"]
[BlackElo "2259"]
[PlyCount "88"]
[EventDate "2010.05.29"]

1. d4 d5 2. c4 c6 3. Nc3 e5 4. dxe5 d4 5. Ne4 Qa5+ 6. Bd2 Qxe5 7. Ng3 Nf6 8.
Nf3 Qd6 9. Qc2 Be7 10. O-O-O O-O 11. e4 dxe3 12. Bxe3 Qc7 13. Bd3 Na6 14. Bf5
Nb4 15. Qb1 Qa5 16. a3 Na2+ 17. Qxa2 Bxf5 18. Bd2 Qc7 19. Nxf5 Ng4 20. Nxe7+
Qxe7 21. Rhe1 Qc7 22. Re2 Rfe8 23. Rde1 Rxe2 24. Rxe2 Nxh2 25. Nxh2 Qxh2 26.
Qb3 Qxg2 27. Qxb7 Rf8 28. Qe7 h5 29. Bc3 f6 30. f4 Qf1+ 31. Kc2 Qxf4 32. Qe6+
Rf7 33. Qe8+ Rf8 34. Qxc6 Qg4 35. Qd5+ Kh7 36. Rg2 Qh3 37. Qe4+ Kg8 38. Qg6 Qd7
39. Qxh5 Rd8 40. Qd5+ Qxd5 41. cxd5 Kf7 42. Rd2 g5 43. Kd1 f5 44. Ke2 Rd6 1-0

[Event "II Festival A"]
[Site "Bisaccia ITA"]
[Date "2010.05.30"]
[Round "3"]
[White "Grasso, Nino"]
[Black "Galasso, Luigi"]
[Result "0-1"]
[WhiteElo "1942"]
[BlackElo "2051"]
[PlyCount "128"]
[EventDate "2010.05.29"]

1. e4 Nf6 2. e5 Nd5 3. c4 Nb6 4. d4 d6 5. exd6 cxd6 6. Nc3 g6 7. Be3 Bg7 8. Rc1
O-O 9. b3 f5 10. Qd2 Nc6 11. Nge2 e5 12. g3 Re8 13. d5 Nd4 14. Bxd4 exd4 15.
Nb5 f4 16. gxf4 Qe7 17. f3 Bf6 18. Nbxd4 Bh4+ 19. Kd1 Bf2 20. Rc3 a5 21. h4 a4
22. b4 a3 23. Rh2 Be3 24. Rxe3 Qxe3 25. Qxe3 Rxe3 26. Ng3 Bd7 27. Kd2 Re7 28.
Ne4 Rf8 29. c5 dxc5 30. d6 Ref7 31. bxc5 Nd5 32. Bc4 Bc6 33. Ne6 Rb8 34. d7
Rxd7 35. Bxd5 Rxd5+ 36. Ke3 Rd1 37. h5 Bxe4 38. fxe4 Re8 39. f5 gxf5 40. exf5
Ra8 41. Kf4 Rg1 42. Ke5 Kf7 43. Rd2 Re1+ 44. Kd6 Kf6 45. Kc7 Rb1 46. Rf2 Rb2
47. Rf1 Rxa2 48. Kxb7 Ra4 49. Nf4 Rb2+ 50. Kc7 a2 51. Nd5+ Kf7 52. Ra1 Rb1 53.
Rxa2 Rxa2 54. c6 Rf2 55. Nb6 Kf6 56. Nc4 Rd1 57. Nd6 Rxd6 58. Kxd6 Kxf5 59. Kd7
Rd2+ 60. Ke7 Rc2 61. Kd7 Kg5 62. h6 Kxh6 63. c7 Rxc7+ 64. Kxc7 Kg5 0-1

[Event "II Festival A"]
[Site "Bisaccia ITA"]
[Date "2010.05.30"]
[Round "3"]
[White "Kizov, Atanas"]
[Black "Naumkin, Igor"]
[Result "1/2-1/2"]
[WhiteElo "2394"]
[BlackElo "2480"]
[PlyCount "94"]
[EventDate "2010.05.29"]

1. d4 Nf6 2. c4 e6 3. Nf3 b6 4. a3 Bb7 5. Nc3 Bxf3 6. gxf3 g6 7. f4 Bg7 8. Bg2
d5 9. f5 exf5 10. cxd5 O-O 11. O-O Nbd7 12. Qd3 a6 13. a4 Re8 14. f3 Nh5 15. e4
Qh4 16. e5 Nxe5 17. dxe5 Bxe5 18. f4 Nxf4 19. Bxf4 Bxf4 20. Qh3 Qg5 21. Rae1
Bd6 22. Kh1 Qd2 23. Rb1 Re3 24. Qh4 Rae8 25. Rfd1 Qc2 26. Rdc1 Qb3 27. Qd4 Be5
28. Qd2 Qb4 29. d6 Bxd6 30. Qf2 Qd4 31. Rf1 Qe5 32. Qh4 Be7 33. Qh6 Rd8 34. Qf4
Kg7 35. Qxe5+ Rxe5 36. Rfd1 Rxd1+ 37. Rxd1 Bb4 38. Nd5 Bd6 39. Bf1 Re4 40. Nxb6
Bxh2 41. Nc4 Rh4 42. Kg2 Bf4 43. Rd4 Rg4+ 44. Kf3 Rg1 45. Kf2 Rg4 46. Kf3 Rg1
47. Kf2 Rg4 1/2-1/2

[Event "II Festival A"]
[Site "Bisaccia ITA"]
[Date "2010.05.30"]
[Round "3"]
[White "Lamberti, Valerio"]
[Black "Forlano, Luigi"]
[Result "0-1"]
[WhiteElo "1813"]
[BlackElo "2024"]
[PlyCount "116"]
[EventDate "2010.05.29"]

1. e4 c5 2. Nf3 g6 3. d4 cxd4 4. Nxd4 Nc6 5. Nc3 Bg7 6. Be3 Nf6 7. Nxc6 bxc6 8.
e5 Nd5 9. Nxd5 cxd5 10. Qxd5 Rb8 11. Bd4 O-O 12. Qc5 d6 13. Qc3 Bf5 14. Ba6
dxe5 15. Bxa7 e4 16. Qc5 Rxb2 17. O-O Qd2 18. Qxe7 Rxc2 19. Rad1 Qa5 20. Qd6
Rxa2 21. Bc4 Qxa7 22. Bxa2 Qxa2 23. Qe7 Qe6 24. Qxe6 Bxe6 25. Rd6 Be5 26. Rc6
Rc8 27. Rxc8+ Bxc8 28. Rd1 Kg7 29. Rd8 Be6 30. Kf1 Bxh2 31. g3 e3 32. Ke2 exf2
33. Kxf2 Bh3 34. Rd1 h5 35. Rh1 Bxg3+ 36. Kxg3 Be6 37. Kh4 Kh6 38. Rg1 f6 39.
Rf1 g5+ 40. Kg3 h4+ 41. Kh2 Kg6 42. Re1 Bf5 43. Re8 Bg4 44. Rg8+ Kf5 45. Rb8
Be2 46. Ra8 Bf3 47. Kh3 Kf4 48. Ra4+ Be4 49. Rb4 f5 50. Ra4 Ke3 51. Ra3+ Bd3
52. Rb3 f4 53. Kg4 f3 54. Rb8 f2 55. Re8+ Kd2 56. Rf8 f1=Q 57. Rxf1 Bxf1 58.
Kxg5 h3 0-1

[Event "II Festival A"]
[Site "Bisaccia ITA"]
[Date "2010.05.30"]
[Round "3"]
[White "Lattanzio, Savino"]
[Black "Aleksic, Nenad"]
[Result "0-1"]
[WhiteElo "2025"]
[BlackElo "2372"]
[PlyCount "71"]
[EventDate "2010.05.29"]

1. e4 c5 2. Nc3 a6 3. g3 b5 4. Bg2 Bb7 5. d3 e6 6. Nh3 Nf6 7. O-O d6 8. f4 Nc6
9. f5 b4 10. Ne2 e5 11. Nf2 h5 12. h3 Be7 13. c3 a5 14. d4 cxd4 15. cxd4 exd4
16. Nxd4 Ne5 17. b3 Rc8 18. Bf4 O-O 19. g4 hxg4 20. hxg4 Nh7 21. Nh3 Ba6 22.
Rf2 Nd3 23. Rd2 Nxf4 24. Nxf4 Bg5 25. Rf2 Re8 26. Kh1 Nf6 27. Nh3 Nxe4 28. Bxe4
Rxe4 29. Nf3 Bf6 30. Rc1 Rxc1 31. Qxc1 Rxg4 32. Rg2 Rxg2 33. Kxg2 Bd3 34. Nf4
Bxf5 35. Kf2 Be4 36. Qc4 0-1